000 00495nam a2200181Ia 4500
003 GCL
008 140319s9999 xx 000 0 ara d
040 _aGCL /
_cGCL
082 0 4 _a811.9
_bح م
100 1 _aحسن فتح الباب
245 1 0 _aمن وحى بورسعيد /
_cحسن فتح الباب
490 _a
650 0 4 _aالشعر العربى
650 0 4 _aالادب العربى
650 0 4 _aالعصر الحديث
650 0 4 _aالعصر الحجرى
942 _2ddc
_cBK
999 _c40540
_d40540